00598nam a2200145 a 450000100100000000500170001000800410002704000250006808200130009310000310010624501470013726001090028430000290039350400300042200002639420200930030212.0110316s1995 dr a 000 0 spa d aDO-SdBNPbspacBNPHU axxxbQ8h1 aQuiterio Benítez, Gisela14aLos hogares en República Dominicana :bcambios de las condiciones sociodemográficas y económicas 1981-1991 /cGisela Quiterio Benítez. aSanto Domingo :bSecretariado Técnico de la Presidencia ;bOficina Nacional de Planificación,c1995. a58 p. :bgraf. ;c28 cm. aBibliografía : p. 43-46